[Event "5. Griesheimer Schachtage 2009"]
[Site "Griesheim"]
[Date "2009.05.15"]
[Round "1.29"]
[White "Donchenko, Alexander"]
[Black "Henkelmann, Frank"]
[Result "1-0"]
[WhiteElo "1984"]
[BlackElo "1176"]
[PlyCount "21"]

1. d4 d5 2. Nf3 Nf6 3. c4 Bf5 4. Nc3 e6 5. Qb3 b6 6. Bf4 Nc6 7. cxd5 Nxd5 8.
Nxd5 exd5 9. Rc1 Bb4+ 10. Kd1 a5 11. Rxc6 1-0

[Event "5. Griesheimer Schachtage 2009"]
[Site "Griesheim"]
[Date "2009.05.15"]
[Round "1.30"]
[White "Heilmann, Jean-Michel"]
[Black "Plattner, Rolf"]
[Result "0-1"]
[WhiteElo "1151"]
[BlackElo "1932"]
[PlyCount "50"]

1. e4 e6 2. d4 d5 3. Nc3 Bb4 4. e5 c5 5. a3 Bxc3+ 6. bxc3 Qc7 7. Qg4 f5 8. exf6
Nxf6 9. Bb5+ Nc6 10. Qe2 O-O 11. Nf3 cxd4 12. cxd4 Nxd4 13. Nxd4 Qc3+ 14. Qd2
Qxa1 15. O-O Ne4 16. Qd3 Qc3 17. Qxc3 Nxc3 18. Bd2 Nxb5 19. Nxb5 Bd7 20. Nd6 b6
21. Bg5 h6 22. Bh4 Rf4 23. Bg3 Ra4 24. Ra1 b5 25. c3 a5 0-1

[Event "5. Griesheimer Schachtage 2009"]
[Site "Griesheim"]
[Date "2009.05.15"]
[Round "1.31"]
[White "Will, Patrick"]
[Black "Riedel, Matthias"]
[Result "1-0"]
[WhiteElo "1929"]
[BlackElo "1087"]
[PlyCount "69"]

1. Nf3 Nf6 2. c4 e6 3. g3 Nc6 4. Bg2 Bc5 5. O-O O-O 6. d4 Be7 7. Nc3 d5 8. cxd5
Nxd5 9. e4 Nf6 10. Be3 b6 11. a3 Ba6 12. Re1 Nd7 13. Qc2 e5 14. Rad1 Bf6 15.
dxe5 Ncxe5 16. Nxe5 Bxe5 17. f4 Bxc3 18. Qxc3 c5 19. e5 Rc8 20. Bh3 Rc7 21. Rd6
Qe7 22. Red1 Bb5 23. b3 Nb8 24. e6 Re8 25. exf7+ Qxf7 26. Rd8 Nd7 27. Rxe8+
Qxe8 28. Bf2 Bc6 29. Re1 Qf7 30. Be6 Bd5 31. Bxf7+ Bxf7 32. Qd2 Bh5 33. Qd6 Rb7
34. Re7 Bg4 35. Qd5+ 1-0

[Event "5. Griesheimer Schachtage 2009"]
[Site "Griesheim"]
[Date "2009.05.15"]
[Round "1.32"]
[White "Struwecker, Sigurd"]
[Black "Auschkalnis, Reinhard"]
[Result "0-1"]
[WhiteElo "1058"]
[BlackElo "1880"]
[PlyCount "58"]

1. Nf3 d5 2. c4 e6 3. e3 c5 4. b3 Nc6 5. Bb2 d4 6. exd4 cxd4 7. d3 Nf6 8. Be2
Be7 9. O-O O-O 10. Na3 e5 11. Nd2 Bf5 12. Bf3 Bxd3 13. Re1 Bd6 14. Ne4 Bxe4 15.
Bxe4 Nxe4 16. Rxe4 f5 17. Re2 e4 18. Nb5 Be5 19. Rd2 d3 20. Bxe5 Nxe5 21. Qe1
Qg5 22. Nd4 Qg6 23. f4 Rad8 24. Qe3 Ng4 25. Qg3 Rxd4 26. h3 e3 27. Rdd1 e2 28.
Rxd3 Rxd3 29. Qxd3 Qb6+ 0-1

[Event "5. Griesheimer Schachtage 2009"]
[Site "Griesheim"]
[Date "2009.05.16"]
[Round "2.1"]
[White "Diehm, Alexander"]
[Black "Grabarczyk, Bogdan"]
[Result "0-1"]
[WhiteElo "2067"]
[BlackElo "2450"]
[PlyCount "46"]

1. d4 f5 2. c4 Nf6 3. f3 Nc6 4. Nh3 g6 5. Nf2 Bg7 6. e4
fxe4 7. fxe4 e5 8. d5 Nd4 9. Nc3 c5 10. Be3 d6 11. Bd3 O-O 12. Ne2 Ng4 13. Nxg4
Bxg4 14. Qd2 Bxe2 15. Bxe2 Qh4+ 16. Kd1 Qxe4 17. Bxd4 cxd4 18. Bd3 Qh4 19. g3
Qh5+ 20. Kc2 b5 21. b3 bxc4 22. bxc4 Rf3 23. Rhf1 e4 0-1

[Event "5. Griesheimer Schachtage 2009"]
[Site "Griesheim"]
[Date "2009.05.16"]
[Round "2.2"]
[White "Lenhardt, Manfred"]
[Black "Dietz, Holger"]
[Result "0-1"]
[WhiteElo "2040"]
[BlackElo "2293"]
[PlyCount "73"]

1. d4 e6 2. e4 d5 3. Nc3 Bb4 4. e5 c5 5. Bd2 Ne7 6. f4 Nf5 7. Nf3 cxd4 8. Nb5
Bc5 9. b4 Bb6 10. Bd3 Bd7 11. Qe2 a6 12. g4 axb5 13. gxf5 exf5 14. h4 Ra3 15.
Bc1 Ra7 16. Bb2 Nc6 17. a3 Qe7 18. Kf2 O-O 19. Kg2 f6 20. Bxb5 fxe5 21. Bxc6
bxc6 22. Qxe5 Qxe5 23. Nxe5 c5 24. bxc5 Bxc5 25. Rhd1 Ba4 26. Rac1 Rb7 27. Bxd4
Bxa3 28. Rb1 Rc7 29. Rd2 Bxc2 30. Rb6 Be4+ 31. Kg3 Bc5 32. Bxc5 Rxc5 33. Rd6
Rc3+ 34. Kh2 Rfc8 35. Rd7 R3c7 36. Rxc7 Rxc7 37. Rb2 {ZUE} 0-1

[Event "5. Griesheimer Schachtage 2009"]
[Site "Griesheim"]
[Date "2009.05.16"]
[Round "2.3"]
[White "Barthel, Ansgar"]
[Black "Hornung, Thomas"]
[Result "1/2-1/2"]
[WhiteElo "2258"]
[BlackElo "2070"]
[PlyCount "116"]

1. e4 c6 2. d4 d5 3. e5 Bf5 4. Nd2 e6 5. Nb3 Nd7 6. Nf3 Ne7 7. Be3 h6 8. Be2
Bh7 9. O-O Ng6 10. Re1 Be7 11. g3 O-O 12. h4 Re8 13. Qd2 Bf8 14. h5 Ne7 15. g4
Kh8 16. Rac1 Rc8 17. c4 dxc4 18. Na5 Qc7 19. Nxc4 Ng8 20. Bf4 Nb6 21. Nd6 Bxd6
22. exd6 Qd8 23. Ne5 Rf8 24. Bf3 f6 25. Nc4 Qd7 26. Nxb6 axb6 27. Qb4 b5 28.
Rc3 f5 29. d5 cxd5 30. Rc7 Rxc7 31. dxc7 Rc8 32. Qd6 Qxd6 33. Bxd6 fxg4 34.
Bxg4 Bf5 35. Bxf5 exf5 36. Re5 Nf6 37. Rxf5 Kg8 38. Kf1 Kf7 39. Re5 Ne8 40.
Re7+ Kf6 41. Bb4 Nxc7 42. Rd7 Kg5 43. Rxg7+ Kxh5 44. Rd7 Kg4 45. Ba5 Ne6 46.
Rxd5 Rc1+ 47. Be1 Nf4 48. Rxb5 h5 49. Rb3 h4 50. f3+ Kf5 51. Kf2 Rc2+ 52. Kg1
Ne2+ 53. Kf1 Ng3+ 54. Bxg3 hxg3 55. Rxb7 g2+ 56. Kg1 Kf4 57. Kh2 Kxf3 58. Rf7+
Ke3 1/2-1/2

[Event "5. Griesheimer Schachtage 2009"]
[Site "Griesheim"]
[Date "2009.05.16"]
[Round "2.4"]
[White "Dankesreiter, Arne"]
[Black "Steinkohl, Thomas"]
[Result "0-1"]
[WhiteElo "2017"]
[BlackElo "2246"]
[PlyCount "68"]

1. c4 e6 2. Nc3 c5 3. g3 Nf6 4. Bg2 Nc6 5. d3 Be7 6. e4 O-O 7. Nge2 d5 8. exd5
exd5 9. O-O d4 10. Ne4 Ne8 11. f4 Bf5 12. h3 h5 13. a3 Qd7 14. Kh2 a5 15. Ng1
g6 16. Bf3 Kg7 17. g4 hxg4 18. Bxg4 Rh8 19. Bxf5 Qxf5 20. Ng3 Qd7 21. Qf3 Nf6
22. f5 Ne5 23. Qe2 Bd6 24. Bg5 Nh5 25. f6+ Kg8 26. Nxh5 Rxh5 27. Bf4 Re8 28.
Rae1 Re6 29. Bg3 Nxc4 30. Qg4 Ne3 31. Rxe3 dxe3 32. Ne2 Bxg3+ 33. Nxg3 e2 34.
Re1 Rd5 0-1

[Event "5. Griesheimer Schachtage 2009"]
[Site "Griesheim"]
[Date "2009.05.16"]
[Round "2.5"]
[White "Prudlo, Simon"]
[Black "Hoeck, Raimund"]
[Result "1/2-1/2"]
[WhiteElo "2238"]
[BlackElo "2064"]
[PlyCount "125"]

1. e4 c5 2. Nc3 Nc6 3. Nge2 d6 4. d4 cxd4 5. Nxd4 Nf6 6.
g3 e5 7. Nb3 Be7 8. Bg2 O-O 9. O-O Be6 10. h3 Na5 11. Nxa5 Qxa5 12. a4 a6 13.
Nd5 Bxd5 14. exd5 Rac8 15. Be3 Qc7 16. c3 Nd7 17. a5 f5 18. Qd2 Nc5 19. Ra3 Rf7
20. b4 Ne4 21. Qd3 Qc4 22. Qxc4 Rxc4 23. Rc1 Bg5 24. Bxg5 Nxg5 25. Bf1 Rc8 26.
c4 Rfc7 27. f3 Nf7 28. Rac3 Kf8 29. Bd3 g6 30. c5 Ke7 31. c6 Rb8 32. b5 axb5
33. cxb7 Rxc3 34. Rxc3 Rxb7 35. a6 Ra7 36. Bxb5 Kd8 37. Kf2 Nh6 38. Rc6 Kd7 39.
Rc4+ Kd8 40. Ra4 Ng8 41. Bc6 Nf6 42. Bb7 Nd7 43. Rb4 Nc5 44. Rb6 Kd7 45. Ke3
Kc7 46. Rc6+ Kd7 47. Bc8+ Kd8 48. f4 exf4+ 49. Kxf4 h6 50. Bb7 Kd7 51. Rxc5
dxc5 52. Ke5 Ke7 53. h4 h5 54. d6+ Kd7 55. Kd5 c4 56. Kxc4 Kxd6 57. Kd4 Ke6 58.
Ke3 Ke5 59. Kf3 Ke6 60. Kf4 Kf6 61. Kf3 Ke5 62. Ke3 Ke6 63. Kf4 1/2-1/2

[Event "5. Griesheimer Schachtage 2009"]
[Site "Griesheim"]
[Date "2009.05.16"]
[Round "2.6"]
[White "Gutacker, Stephan"]
[Black "Gramlich, Sebastian"]
[Result "1/2-1/2"]
[WhiteElo "1985"]
[BlackElo "2225"]
[PlyCount "75"]

1. e4 c5 2. d4 cxd4 3. c3 dxc3 4. Nxc3 Nc6 5. Nf3 d6 6. Bc4 e6 7. O-O Nf6 8.
Qe2 Be7 9. Rd1 Qc7 10. Nb5 Qb8 11. Bf4 Ne5 12. Rac1 O-O 13. Bb3 Ne8 14. Qc2
Nxf3+ 15. gxf3 e5 16. Be3 Be6 17. Bxe6 fxe6 18. Qc4 Rf6 19. Kh1 a6 20. Nc7 Nxc7
21. Qxc7 Qf8 22. Rg1 Rg6 23. Rxg6 hxg6 24. Qxb7 Rb8 25. Qxa6 Qxf3+ 26. Kg1 Qg4+
27. Kf1 Qxe4 28. Rc8+ Rxc8 29. Qxc8+ Kf7 30. Qc7 Qd3+ 31. Kg2 Qd5+ 32. Kg3 e4
33. h4 Qh5 34. Bg5 Qf3+ 35. Kh2 Qxf2+ 36. Kh3 Qf1+ 37. Kh2 Qf2+ 38. Kh3 1/2-1/2

[Event "5. Griesheimer Schachtage 2009"]
[Site "Griesheim"]
[Date "2009.05.16"]
[Round "2.7"]
[White "Diaz, Joaquin"]
[Black "Berger, Stefan"]
[Result "1-0"]
[WhiteElo "2162"]
[BlackElo "2045"]
[PlyCount "107"]

1. e4 e6 2. d4 d5 3. e5 c5 4. c3 Nc6 5. Nf3 Qb6 6. a3 Nh6 7. Bd3 cxd4 8. cxd4
Nf5 9. Bxf5 exf5 10. Nc3 Be6 11. O-O Be7 12. b4 Rc8 13. Qd3 O-O 14. Be3 Qd8 15.
Rfc1 g5 16. Ne2 f4 17. Bd2 Qd7 18. h4 h6 19. b5 Nb8 20. a4 Bf5 21. Qb3 Be4 22.
Ne1 Bf5 23. Bb4 Be6 24. hxg5 hxg5 25. Nd3 Bxb4 26. Qxb4 b6 27. Qd2 Qe7 28. Nb4
Kg7 29. Qb2 Rh8 30. Qb3 g4 31. Rxc8 Bxc8 32. Qxd5 Be6 33. Qe4 Qh4 34. Kf1 Qh1+
35. Ng1 Bc4+ 36. Nd3 Rh2 37. Rd1 a6 38. bxa6 Nxa6 39. Qxf4 Qxg2+ 40. Ke2 Rh6
41. Kd2 Nc7 42. Ne2 Ne6 43. Qg3 Qe4 44. Rg1 Kf8 45. Qe3 Qh7 46. Rxg4 Rh3 47.
Rg3 Rh4 48. f4 Nc7 49. Qf3 Bd5 50. Qe3 Rh2 51. Nf2 Qb1 52. Qa3+ Ke8 53. Rg8+
Kd7 54. Qd6# 0-1

[Event "5. Griesheimer Schachtage 2009"]
[Site "Griesheim"]
[Date "2009.05.16"]
[Round "2.8"]
[White "Plattner, Rolf"]
[Black "Hahn, Werner"]
[Result "0-1"]
[WhiteElo "1932"]
[BlackElo "2159"]
[PlyCount "96"]

1. d4 Nf6 2. c4 g6 3. Nc3 Bg7 4. e4 d6 5. h3 O-O 6. Nf3 Nbd7 7. Be3 a6 8. a4 e5
9. d5 a5 10. Be2 Nc5 11. Nd2 Ne8 12. g4 f5 13. f3 Bh6 14. Bf2 Bxd2+ 15. Qxd2
Nb3 16. Qh6 Nxa1 17. gxf5 Qf6 18. fxg6 hxg6 19. Rg1 Kf7 20. Bd1 Rh8 21. Qc1
Rxh3 22. Qxa1 Qf4 23. Qb1 Bd7 24. Qd3 Nf6 25. Qf1 Qc1 26. Qe2 Rh2 27. Qc2 Qxc2
28. Bxc2 Nh5 29. Ne2 Rh8 30. Bd1 Rh3 31. Bg3 Nxg3 32. Nxg3 Rh2 33. b3 Rb2 34.
Rh1 Rxh1+ 35. Nxh1 Kf6 36. Ng3 Kg5 37. Ne2 Kh4 38. Kf2 g5 39. Ke3 Be8 40. Nc3
Kg3 41. Ne2+ Kg2 42. Kd3 Kf2 43. Nc3 c6 44. c5 dxc5 45. dxc6 Bxc6 46. Kc4 b6
47. Kd3 Bb7 48. Nd5 Rb1 0-1

[Event "5. Griesheimer Schachtage 2009"]
[Site "Griesheim"]
[Date "2009.05.16"]
[Round "2.9"]
[White "Busch, Lorenz"]
[Black "Hummel, Dennis"]
[Result "1/2-1/2"]
[WhiteElo "2158"]
[BlackElo "2003"]
[PlyCount "76"]

1. e4 e6 2. d4 d5 3. Nc3 Bb4 4. e5 Ne7 5. a3 Bxc3+ 6. bxc3
c5 7. Qg4 O-O 8. Bd3 Qa5 9. Bd2 Nbc6 10. Nf3 Ng6 11. Qh5 Nce7 12. O-O Qc7 13.
Rfe1 c4 14. Bf1 f5 15. exf6 gxf6 16. g3 Nf5 17. Bh3 Ng7 18. Qh6 Qf7 19. Re2 Bd7
20. Rae1 Rfe8 21. Nh4 Nxh4 22. Qxh4 Qg6 23. Qg4 Kf7 24. Kg2 Nf5 25. Qf4 Rac8
26. a4 Rc6 27. a5 Nd6 28. Qh4 Ra6 29. Qf4 Qxc2 30. f3 Qg6 31. Ra1 Qd3 32. Kf2
Nb5 33. Bf1 Qf5 34. Qxf5 exf5 35. Bg2 Rxe2+ 36. Kxe2 Re6+ 37. Kd1 Ra6 38. Kc2
Nd6 1/2-1/2

[Event "5. Griesheimer Schachtage 2009"]
[Site "Griesheim"]
[Date "2009.05.16"]
[Round "2.10"]
[White "Auschkalnis, Reinhard"]
[Black "Hirth, Ulrich"]
[Result "0-1"]
[WhiteElo "1880"]
[BlackElo "2153"]
[PlyCount "96"]

1. d4 Nf6 2. c4 e6 3. Nf3 Bb4+ 4. Bd2 Qe7 5. Qb3 a5 6. a3 Bxd2+ 7. Nbxd2 d6 8.
e4 e5 9. d5 O-O 10. Qc3 a4 11. Bd3 Na6 12. b4 axb3 13. Nxb3 Nd7 14. Nbd2 Nac5
15. Bc2 Nb6 16. O-O f5 17. Ne1 f4 18. Nd3 Nbd7 19. Nxc5 Nxc5 20. Kh1 Qf7 21.
Qf3 g5 22. g4 h5 23. h3 hxg4 24. hxg4 Kg7 25. Kg2 Rh8 26. Rh1 Bd7 27. Rxh8 Rxh8
28. Rh1 Rxh1 29. Kxh1 Be8 30. Kg2 Qe7 31. Qd1 Bg6 32. f3 Qd8 33. Nb3 Nxb3 34.
Bxb3 Qa8 35. a4 Qa5 36. Kf1 Qc3 37. Kg2 Kf7 38. Qc2 Qe3 39. c5 Qxc5 40. Qxc5
dxc5 41. d6+ Ke8 42. dxc7 Kd7 43. c8=Q+ Kxc8 44. Kf2 Kc7 45. Ke2 Kb6 46. Bd5
Be8 47. Bb3 Ka5 48. Kd3 Kb4 0-1

[Event "5. Griesheimer Schachtage 2009"]
[Site "Griesheim"]
[Date "2009.05.16"]
[Round "2.11"]
[White "Farmani Anosheh, Armin"]
[Black "Tierling, Detlef"]
[Result "1-0"]
[WhiteElo "2136"]
[BlackElo "1992"]
[PlyCount "93"]

1. d4 Nf6 2. c4 c5 3. d5 b5 4. cxb5 a6 5. bxa6 Bxa6 6. Nc3
d6 7. g3 g6 8. Bg2 Bg7 9. Nf3 O-O 10. O-O Nbd7 11. Rb1 Qc7 12. Qc2 Nb6 13. Rd1
Bc4 14. b3 Bxd5 15. e4 Bc6 16. h3 Nfd7 17. Bb2 Qb7 18. Re1 Ra7 19. Nd2 e6 20.
a4 Nc8 21. Nc4 d5 22. exd5 exd5 23. Na3 d4 24. Bxc6 Qxc6 25. Ncb5 Ra6 26. Nc4
Qf3 27. Rbd1 f5 28. Nd2 Qd5 29. Nc7 d3 30. Qb1 Qd6 31. Bxg7 Kxg7 32. Nxa6 f4
33. Nc4 Qxa6 34. Qxd3 fxg3 35. fxg3 Nf6 36. Re5 Qc6 37. Qe3 Nh5 38. Rxc5 Qf6
39. Ne5 Qe6 40. Ng4 Qxe3+ 41. Nxe3 Nxg3 42. Rc7+ Kh6 43. Rd5 Ne2+ 44. Kh1 Ng3+
45. Kh2 Nf5 46. Nxf5+ gxf5 47. Rdc5 1-0

[Event "5. Griesheimer Schachtage 2009"]
[Site "Griesheim"]
[Date "2009.05.16"]
[Round "2.12"]
[White "Simak, Jaroslav"]
[Black "Bahlke, Wolfgang"]
[Result "0-1"]
[WhiteElo "1728"]
[BlackElo "2125"]
[PlyCount "96"]

1. e4 c6 2. d4 d5 3. e5 Bf5 4. Nc3 Qb6 5. g4 Bd7 6. f4 e6 7. Nf3 c5 8. dxc5
Bxc5 9. Bd3 Ne7 10. Qe2 a6 11. Bd2 Qc7 12. O-O-O b5 13. Rdf1 b4 14. Nd1 a5 15.
Be3 a4 16. Bxc5 Qxc5 17. Qe3 Qa5 18. Nd4 Na6 19. Bxa6 Qxa6 20. f5 Nc6 21. Rf4
Nxd4 22. Qxd4 O-O 23. f6 Rfc8 24. Rhf1 Qe2 25. Ne3 b3 26. Qd2 Qb5 27. a3 bxc2
28. Rb4 Qa6 29. Rff4 Be8 30. fxg7 Rab8 31. Rxb8 Rxb8 32. Nxc2 Qb6 33. Rb4 Qg1+
34. Qd1 Qxd1+ 35. Kxd1 Rxb4 36. Nxb4 Kxg7 37. Kd2 Kg6 38. Ke3 Kg5 39. Kf3 f6
40. exf6 Kxf6 41. h4 Bb5 42. Kf4 e5+ 43. Ke3 Ke6 44. Kd2 d4 45. Na2 e4 46. Nc1
Ke5 47. b3 e3+ 48. Kd1 axb3 0-1

[Event "5. Griesheimer Schachtage 2009"]
[Site "Griesheim"]
[Date "2009.05.16"]
[Round "2.13"]
[White "Werner, Bernd-Michael"]
[Black "Donchenko, Alexander"]
[Result "1-0"]
[WhiteElo "2123"]
[BlackElo "1984"]
[PlyCount "53"]

1. e4 c5 2. c4 Nc6 3. Nc3 g6 4. g3 Bg7 5. Bg2 d6 6. Nge2 Nf6 7. O-O Nd4 8. Nxd4
cxd4 9. Ne2 Nd7 10. d3 Rb8 11. a4 b6 12. f4 O-O 13. g4 e5 14. f5 g5 15. b4 a5
16. b5 f6 17. h4 h6 18. Rf3 Kf7 19. Ng3 Rh8 20. Nh5 Nc5 21. Ra2 Bb7 22. Rh3 Qc7
23. Bf3 Rh7 24. Rah2 Rbh8 25. Nxf6 Kxf6 26. hxg5+ Ke7 27. g6 1-0

[Event "5. Griesheimer Schachtage 2009"]
[Site "Griesheim"]
[Date "2009.05.16"]
[Round "2.14"]
[White "Nies, Peter"]
[Black "Will, Patrick"]
[Result "1-0"]
[WhiteElo "2089"]
[BlackElo "1929"]
[PlyCount "105"]

1. e4 c6 2. d4 d5 3. e5 c5 4. dxc5 Nc6 5. c4 e6 6. cxd5 Qxd5 7. Qxd5 exd5 8.
Nc3 Be6 9. Nb5 Rc8 10. Be3 Nxe5 11. Nxa7 Rxc5 12. Bxc5 Bxc5 13. Nb5 Ng4 14. Nh3
N8f6 15. Nc7+ Kd7 16. Nxe6 fxe6 17. f3 Ne3 18. Kd2 d4 19. a3 Nfd5 20. Rc1 Bb6
21. Bb5+ Ke7 22. g3 Rf8 23. Ke2 h6 24. Nf2 g6 25. Bc4 e5 26. Bxd5 Nxd5 27. Rhd1
Ne3 28. Rd3 Nd5 29. Rb3 Rf6 30. Rb5 Rc6 31. Nd3 Ke6 32. a4 Kd6 33. Rxd5+ Kxd5
34. Nb4+ Kd6 35. Nxc6 bxc6 36. Kd3 Kd5 37. b3 c5 38. Re1 g5 39. g4 Ba5 40. Rh1
Bd8 41. Ra1 Ba5 42. Ra2 Kd6 43. Kc4 Kc6 44. h3 Kb6 45. h4 gxh4 46. Re2 Bb4 47.
Rxe5 Bd2 48. Rxc5 Bg5 49. Kxd4 h3 50. Rc2 Bf4 51. Re2 h2 52. Re1 Bg3 53. Rh1
1-0

[Event "5. Griesheimer Schachtage 2009"]
[Site "Griesheim"]
[Date "2009.05.16"]
[Round "2.15"]
[White "Zuyev, Igor"]
[Black "Bauer, Bjoern-Benny"]
[Result "1-0"]
[WhiteElo "2308"]
[BlackElo "1525"]
[PlyCount "59"]

1. e4 c5 2. Nc3 e6 3. f4 d5 4. Nf3 Nc6 5. Bb5 g6 6. exd5 exd5 7. O-O Bg7 8. d4
Nge7 9. dxc5 O-O 10. Re1 Bf5 11. a4 Nb4 12. Bd3 Bxd3 13. cxd3 d4 14. Nb5 Rc8
15. Qb3 a5 16. Nd6 Rxc5 17. Nxb7 Qc7 18. Nxc5 Qxc5 19. Bd2 Ned5 20. Rac1 Qd6
21. Re4 f5 22. Ree1 Kh8 23. Ne5 Bh6 24. Bxb4 axb4 25. Rc6 Qd8 26. Rc5 Ne3 27.
Nf7+ Rxf7 28. Qxf7 Qa8 29. Rxe3 dxe3 30. Re5 1-0

[Event "5. Griesheimer Schachtage 2009"]
[Site "Griesheim"]
[Date "2009.05.16"]
[Round "2.16"]
[White "Leiter, Thomas"]
[Black "Freund, Karlheinz"]
[Result "1-0"]
[WhiteElo "2054"]
[BlackElo "2039"]
[PlyCount "75"]

1. e4 c6 2. Nc3 d6 3. d4 Nd7 4. Be3 Ngf6 5. f3 e5 6. Nge2 g6 7. Qd2 Bg7 8. Nc1
Qc7 9. Nb3 O-O 10. dxe5 dxe5 11. a4 Re8 12. Qf2 b6 13. Bc4 Nf8 14. O-O Be6 15.
Qe2 Qc8 16. Rfd1 Bxc4 17. Qxc4 Ne6 18. Rd6 c5 19. Nd5 Nxd5 20. Rxd5 Rd8 21.
Rad1 Qc7 22. c3 Bf8 23. g3 Rd6 24. Kg2 Rad8 25. h4 Be7 26. Na1 R8d7 27. Nc2 Qd8
28. Bf2 Nc7 29. Rxd6 Rxd6 30. Rxd6 Qxd6 31. Ne3 a6 32. Ng4 b5 33. Nh6+ Kg7 34.
Qxf7+ Kxh6 35. Be3+ g5 36. hxg5+ Bxg5 37. Bxg5+ Kxg5 38. Qg7+ 1-0

[Event "5. Griesheimer Schachtage 2009"]
[Site "Griesheim"]
[Date "2009.05.16"]
[Round "2.17"]
[White "Busch, Florian"]
[Black "Trierweiler, Joachim"]
[Result "1/2-1/2"]
[WhiteElo "1632"]
[BlackElo "1872"]
[PlyCount "62"]

1. e4 c5 2. Nf3 d6 3. d4 cxd4 4. Nxd4 Nf6 5. Nc3 g6 6. Be3 Bg7 7. f3 a6 8. Qd2
Nbd7 9. O-O-O Qc7 10. g4 Ne5 11. Be2 Nc4 12. Bxc4 Qxc4 13. Kb1 b5 14. e5 dxe5
15. Ndxb5 O-O 16. Na3 Qc7 17. h4 Bb7 18. Rdf1 Rfd8 19. Qc1 h5 20. gxh5 Nxh5 21.
Rhg1 Rab8 22. Bh6 Ba8 23. Qg5 Qxc3 24. b3 Bxf3 25. Bxg7 Kxg7 26. Nc4 e4 27. Ne5
Rdc8 28. Qxe7 Qxc2+ 29. Ka1 Qc3+ 30. Kb1 Qc2+ 31. Ka1 Qc3+ 1/2-1/2

[Event "5. Griesheimer Schachtage 2009"]
[Site "Griesheim"]
[Date "2009.05.16"]
[Round "2.18"]
[White "Farmani Anosheh, Yasha"]
[Black "Hahn, Florian"]
[Result "0-1"]
[WhiteElo "1995"]
[BlackElo "1688"]
[PlyCount "174"]

1. e4 c5 2. Nf3 e6 3. d4 cxd4 4. Nxd4 Nc6 5. Nc3 Qc7 6. Be3 a6 7. Be2 Nf6 8.
O-O Bb4 9. f3 O-O 10. g4 d6 11. g5 Nd7 12. Nb1 Nxd4 13. Bxd4 Bc5 14. c3 b5 15.
a4 bxa4 16. Qxa4 e5 17. Bf2 Bxf2+ 18. Rxf2 Nc5 19. Qc2 Ne6 20. Qd2 Nf4 21. Kh1
Qb6 22. Rf1 Bh3 23. Rg1 Rfb8 24. b4 Rc8 25. Bf1 Bxf1 26. Rxf1 Qd8 27. Rg1 Nh3
28. Rg3 Nf4 29. Na3 d5 30. Rd1 dxe4 31. fxe4 Qxd2 32. Rxd2 Rd8 33. Rc2 Rd1+ 34.
Rg1 Rxg1+ 35. Kxg1 Nh3+ 36. Kg2 Nxg5 37. Nc4 f6 38. Nd6 Rd8 39. Nb7 Rc8 40. Nc5
a5 41. Ra2 axb4 42. cxb4 Rb8 43. Rb2 Rb5 44. Kf2 Rxc5 45. bxc5 Nxe4+ 46. Ke3
Nxc5 47. Rb5 Ne6 48. Rb7 h6 49. Re7 Nd4 50. Ke4 Kh7 51. h4 h5 52. Rb7 Kh6 53.
Rb6 Kg6 54. Rb7 Ne2 55. Rb3 Nf4 56. Rg3+ Kf7 57. Ra3 Ng6 58. Ra7+ Kg8 59. Kf5
Nxh4+ 60. Ke6 Ng6 61. Ra1 h4 62. Kf5 Nf4 63. Rh1 h3 64. Rb1 Kh7 65. Ra1 Kh6 66.
Rg1 Ng2 67. Rh1 Nf4 68. Rg1 68... Nd5 69. Rh1 Nf4 70. Rg1 {
Dreifache Stellungswiederholung} 70... Kh7 71. Ra1 Nh5 72. Kg4 g6 73. Kxh3 f5
74. Kh4 Kh6 75. Ra6 e4 76. Re6 Nf4 77. Re5 g5+ 78. Kg3 Ng6 79. Re6 Kh5 80. Ra6
f4+ 81. Kf2 Nh4 82. Ra4 e3+ 83. Ke2 Kg4 84. Ra5 Nf5 85. Re5 f3+ 86. Kd3 f2 87.
Re4+ Kf3 0-1

[Event "5. Griesheimer Schachtage 2009"]
[Site "Griesheim"]
[Date "2009.05.16"]
[Round "2.19"]
[White "Kuenitz, Klaus"]
[Black "Pelt, Alexander"]
[Result "0-1"]
[WhiteElo "1699"]
[BlackElo "2099"]
[PlyCount "30"]

1. d4 d5 2. c4 dxc4 3. Nf3 Nf6 4. e3 e6 5. Bxc4 c5 6. Qe2
a6 7. dxc5 Bxc5 8. O-O b5 9. Rd1 Qe7 10. Bb3 Bb7 11. Nc3 Nc6 12. e4 Ng4 13. Rf1
Qc7 14. g3 Rd8 15. h3 Qxg3+ 0-1

[Event "5. Griesheimer Schachtage 2009"]
[Site "Griesheim"]
[Date "2009.05.16"]
[Round "2.20"]
[White "Storkebaum, Ulrike"]
[Black "Opasiak, Dustin Tennessee"]
[Result "1/2-1/2"]
[WhiteElo "1878"]
[BlackElo "1721"]
[PlyCount "100"]

1. e4 e6 2. d4 d5 3. exd5 exd5 4. Nf3 Nf6 5. Bd3 Bd6 6. O-O O-O 7. Bg5 Be6 8.
Nbd2 Nbd7 9. c3 h6 10. Bh4 c6 11. Qc2 Qc7 12. Bg3 c5 13. Bxd6 Qxd6 14. Rfe1 c4
15. Bf5 Nh5 16. g3 Bxf5 17. Qxf5 g6 18. Qc2 Rae8 19. Kg2 f5 20. Rxe8 Rxe8 21.
Qa4 a6 22. Re1 Rxe1 23. Nxe1 b5 24. Qd1 Qe6 25. Nc2 Ndf6 26. f3 f4 27. g4 Ng7
28. Qe1 Qxe1 29. Nxe1 Ne6 30. b3 Nc7 31. Kf2 Kf7 32. Ng2 g5 33. h4 Ke7 34. Ke2
Kd6 35. h5 Kc6 36. Ne1 Nd7 37. Nc2 a5 38. Na3 Nb6 39. Nc2 Na6 40. bxc4 bxc4 41.
Na3 Nc7 42. Ndb1 Na4 43. Kd2 Nb2 44. Nc2 Nb5 45. Ne1 Na4 46. Kc2 Nb6 47. Nd2
Na4 48. Nb1 Nb6 49. Ng2 Na4 50. Ne1 {Dreifache Stellungswiederholung} 50... Nb6
1/2-1/2

[Event "5. Griesheimer Schachtage 2009"]
[Site "Griesheim"]
[Date "2009.05.16"]
[Round "2.21"]
[White "Behm, Willi"]
[Black "Barisch, Florian"]
[Result "1-0"]
[WhiteElo "1869"]
[BlackElo "1697"]
[PlyCount "122"]

1. e4 c5 2. Nf3 Nc6 3. d4 cxd4 4. Nxd4 Nf6 5. Nc3 d6 6. f3 e6 7. Be3 Be7 8. Bc4
O-O 9. g4 a6 10. g5 Nd7 11. h4 Nxd4 12. Bxd4 b5 13. Bb3 b4 14. Ne2 Nc5 15. Qd2
Nxb3 16. axb3 d5 17. exd5 Qxd5 18. Qe3 Bb7 19. O-O Rfd8 20. Rad1 Qb5 21. Nf4
Rxd4 22. Rxd4 Bc5 23. Rfd1 Bxd4 24. Qxd4 e5 25. Qd8+ Qe8 26. Qxe8+ Rxe8 27. Re1
Bxf3 28. Nd3 a5 29. Nxe5 Bd5 30. Kf2 Rc8 31. Re2 Be6 32. Ke3 f6 33. Nd3 Bf5 34.
gxf6 gxf6 35. Rf2 Bxd3 36. Kxd3 Kf7 37. Rf5 Rd8+ 38. Ke3 Rc8 39. Kd2 Rd8+ 40.
Kc1 Ra8 41. c3 bxc3 42. bxc3 Ke6 43. Rb5 Ra7 44. Kc2 f5 45. Kd3 f4 46. Ke4 Rc7
47. Rb6+ Kf7 48. c4 a4 49. Kd5 axb3 50. Rxb3 Kf6 51. c5 Kf5 52. Kd6 Rc8 53. Rb7
h5 54. Rg7 f3 55. c6 Kf6 56. Rg3 Kf5 57. Rxf3+ Kg4 58. Rf7 Kxh4 59. Kd7 Rxc6
60. Kxc6 Kg3 61. Rg7+ 61... Kf4 {ZUE} 1-0

[Event "5. Griesheimer Schachtage 2009"]
[Site "Griesheim"]
[Date "2009.05.16"]
[Round "2.22"]
[White "Kalmbach, Rainer"]
[Black "Iwanziw, Niklas"]
[Result "1-0"]
[WhiteElo "1689"]
[BlackElo "1866"]
[PlyCount "71"]

1. e4 c5 2. Nf3 d6 3. d4 cxd4 4. Nxd4 Nf6 5. Nc3 a6 6. f3
e5 7. Nb3 Be6 8. Be3 Nbd7 9. g4 b5 10. h4 Nb6 11. a3 Nc4 12. Bxc4 bxc4 13. Nd2
Rb8 14. Rb1 Qa5 15. Qe2 d5 16. exd5 Nxd5 17. Nxd5 Bxd5 18. Bd4 Rb7 19. O-O Bd6
20. Bc3 Qc5+ 21. Kg2 O-O 22. Ne4 Bxe4 23. Qxe4 Rd7 24. Rbd1 Rfd8 25. Rd5 Qc7
26. Ba5 Qb8 27. Bxd8 Rxd8 28. Rfd1 Be7 29. Rxd8+ Bxd8 30. Qxe5 Bc7 31. Qe7 Kh8
32. Rd7 c3 33. bxc3 Bb6 34. Rb7 Qd8 35. Qxd8+ Bxd8 36. Rb8 1-0

[Event "5. Griesheimer Schachtage 2009"]
[Site "Griesheim"]
[Date "2009.05.16"]
[Round "2.23"]
[White "Ovsepyan, Arshak"]
[Black "Josic, Ivica"]
[Result "0-1"]
[WhiteElo "1863"]
[BlackElo "1633"]
[PlyCount "134"]

1. e4 e6 2. d4 c5 3. c3 cxd4 4. cxd4 Nf6 5. Nc3 Bb4 6. Bd3 Qb6 7. Nf3 Qc6 8.
Qc2 b5 9. O-O Bxc3 10. bxc3 h6 11. Rb1 a6 12. Bf4 d6 13. Rfe1 Nbd7 14. Re2 Bb7
15. Qb3 Nb6 16. d5 Qd7 17. dxe6 fxe6 18. Rd1 e5 19. Be3 Na4 20. Bd2 Nc5 21. Qc2
O-O 22. c4 Rac8 23. Rc1 Ncxe4 24. Qb1 Nxd2 25. Nxd2 Qg4 26. f3 Qd4+ 27. Kh1 Nh5
28. Nb3 Qh4 29. Kg1 Nf4 30. Rf2 Qg5 31. Kh1 Nxg2 32. Be4 Bxe4 33. Qxe4 Nf4 34.
Rg1 Qh4 35. Rc2 Qf6 36. cxb5 Rxc2 37. Qxc2 axb5 38. Qd2 Nh3 39. Rf1 Ng5 40.
Qd5+ Kh8 41. Nd2 b4 42. Ne4 Nxe4 43. Qxe4 Qf4 44. Qd5 Rf6 45. Qd3 g5 46. Kg2
Kg7 47. h3 h5 48. Qe2 d5 49. Qf2 e4 50. fxe4 Qxe4+ 51. Kg1 Rxf2 52. Rxf2 Qe1+
53. Kg2 h4 54. Rf5 Qe4+ 55. Rf3 d4 56. Kf2 Qc2+ 57. Kg1 Qxa2 58. Rf2 Qxf2+ 59.
Kxf2 b3 60. Kf3 b2 61. Ke4 b1=Q+ 62. Kxd4 Qc2 63. Ke5 Qd3 64. Ke6 Qd4 65. Ke7
Qd5 66. Ke8 Kf6 67. Kf8 Qd8# 0-1